African Countries - Sudden Death - Statistics

General Stats
  • This quiz has been taken 163 times
  • The average score is 10 of 13
Answers on the Grid
Answers color-coded by a green-red scale on the quiz's grid according to % correct below.
Egypt
Mali
Angola
Zanzibar
Persia
Guinea
Botswana
Maldives
Guyana
Eswatini
Niger
Kenya
Sweden
Cyprus
Senegal
Togo
Bolivia
Tunisia
Malawi
Chad
Tonga
Denmark
Gibraltar
Casablanca
 
Answer Stats
Answer % Correct
Egypt
100%
Angola
90%
Mali
86%
Botswana
81%
Niger
81%
Senegal
79%
Kenya
76%
Eswatini
72%
Tunisia
72%
Chad
71%
Guinea
71%
Malawi
67%
Togo
62%
No matching quizzes found
Score Distribution
Percent of People with Each Score
Percentile by Number Answered
Your Score History
You have not taken this quiz